000 00496nam a2200181Ia 4500
005 20250508152434.0
008 008 250505s9999 xx 000 0 eng d
037 _aTextual
040 _aFEDL
_beng
_cFEDL
041 _aeng
_2eng
084 _a915, HUG
_qFEDL
100 _aHughes D R
_9761484
245 0 _aVisual geography of south-east Asia
260 _aLondon, UK
_bEvans Brothers Limited
_c1959
300 _a48p.
942 _cTEXL
_h915, HUG
999 _c1336418
_d1336418